Statistics for Connected Capital City Puzzle

Click here to take the quiz!

General Stats

  • This quiz has been taken 121 times
  • The average score is 16 of 24

Answer Stats

TriggersHintCapital City% Correct
1NA4Havana
88%
2O,3B,1J,2M,30,1N,3ASan JoseKINGSTON
82%
1J, 2MA2Santo Domingo
78%
2O, 3BA1Port-au-Prince
76%
2OB1Kinshasa
74%
2T, 4AC3Hanoi
73%
3OA3Nassau
72%
4M,1A,2T,4A,3G,4B,4EBangkokMANILA
71%
1E,4N,3K,4A,2A,1O,4BMbabaneHARARE
68%
1S, 3NB2Luanda
66%
3G, 4MC1Taipei
66%
4EC5Vientiane
66%
1S,3K,1S,3N,20,2E,2SSão ToméBRAZZAVILLE
63%
4BC4Phnom Penh
63%
1E, 4BD5Pretoria
63%
4ND3Maputo
62%
3KD4Gaborone
61%
2AD1Lusaka
59%
3KB4Yaoundé
54%
1O, 4AD2Lilongwe
51%
1AC2Bandar Seri Begawan
50%
1S, 2SB5Bangui
50%
2EB3Libreville
50%
3AA5Panama City
45%

Score Distribution

Percentile by Number Answered

Percent of People with Each Score

Your Score History

You have not taken this quiz